ENGINEERING GRAPHICS FOR DEGREE (Record no. 216957)

MARC details
000 -LEADER
fixed length control field 00423nam a22001697a 4500
008 - FIXED-LENGTH DATA ELEMENTS--GENERAL INFORMATION
fixed length control field 260414b |||||||| |||| 00| 0 eng d
020 ## - INTERNATIONAL STANDARD BOOK NUMBER
International Standard Book Number 9788120337886
050 ## - LIBRARY OF CONGRESS CALL NUMBER
Classification number T 353 .J64 2009
Item number C.1
100 ## - MAIN ENTRY--PERSONAL NAME
Personal name JOHN,C.K
245 ## - TITLE STATEMENT
Title ENGINEERING GRAPHICS FOR DEGREE
260 ## - PUBLICATION, DISTRIBUTION, ETC.
Place of publication, distribution, etc. DELHI
Name of publisher, distributor, etc. ASOKE K. GHOSH
Date of publication, distribution, etc. 2009
300 ## - PHYSICAL DESCRIPTION
Extent 520
500 ## - GENERAL NOTE
General note INCLUDES INDEX
700 ## - ADDED ENTRY--PERSONAL NAME
Personal name JOHN,C.K
942 ## - ADDED ENTRY ELEMENTS (KOHA)
Source of classification or shelving scheme Library of Congress Classification
Koha item type Long Loan Book
Holdings
Withdrawn status Lost status Source of classification or shelving scheme Damaged status Not for loan Home library Current library Shelving location Date acquired Inventory number Total checkouts Full call number Barcode Date last seen Copy number Price effective from Koha item type
    Library of Congress Classification     Kisii University Library Kisii University Library On Display 04/14/2026 112907   T 353 .J64 2009 A001461 04/14/2026 C.1 04/14/2026 Long Loan Book
    Library of Congress Classification     Kisii University Library Kisii University Library On Display 04/14/2026 112908   T353 .J64 2009 A001482 04/14/2026 C.2 04/14/2026 Long Loan Book
    Library of Congress Classification     Kisii University Library Kisii University Library On Display 04/14/2026 112909   T353 .J64 2009 A001463 04/14/2026 C.3 04/14/2026 Long Loan Book
    Library of Congress Classification     Kisii University Library Kisii University Library On Display 04/14/2026 112910   T 353 .J64 2009 A001465 04/14/2026 C.4 04/14/2026 Long Loan Book